[Event "It (open)"]
[Site "masterchessopen.com - St. Ingbert (Germany)"]
[Round "1"]
[White "Schwab Markus (GER)"]
[Black "Hammes Michael (GER)"]
[Result "0-1"]
[WhiteElo "2141"]
[BlackElo "2310"]

1.d4 f5 2.c4 Nf6 3.g3 g6 4.Bg2 Bg7 5.Nf3 O-O 6.O-O d6 7.Nc3 Nc6 8.d5 Ne5
9.Nxe5 dxe5 10.e4 f4 11.b3 g5 12.f3 Rf7 13.g4 e6 14.Bb2 h5 15.h3 hxg4 16.hxg4
exd5 17.cxd5 Bf8 18.Kf2 c6 19.dxc6 Qb6+ 20.Ke1 bxc6 21.Rh1 Ba6 22.Bf1 Qe3+
23.Be2 Bb4 24.Qd2 Rh7 25.Rf1 Bxe2 26.Qxe3 fxe3 27.Kxe2 Rh2+ 28.Kxe3 Rxb2 {#R}
0-1

[Event "It (open)"]
[Site "masterchessopen.com - Andorra"]
[Round "4"]
[White "Garrido Fernandez Daniel (ESP)"]
[Black "De La Riva Aguado Oscar (AND)"]
[Result "0-1"]
[WhiteElo "2229"]
[BlackElo "2510"]

1.c4 f5 2.g3 Nf6 3.Bg2 d6 4.d4 g6 5.Nc3 Bg7 6.Nf3 O-O 7.O-O Nc6 8.d5 Ne5
9.Nxe5 dxe5 10.e4 f4 11.f3 g5 12.gxf4 exf4 13.e5 Nd7 14.e6 Ne5 15.Qe2 c6
16.Kh1 b5 17.cxb5 cxd5 18.Rd1 Bxe6 19.b3 d4 20.Bb2 Bf5 21.Na4 d3 22.Qf2 Rb8
{#R} 0-1

[Event "It (open)"]
[Site "masterchessopen.com - Asuncion (Paraguay)"]
[Round "3"]
[White "Rios Carlos (PAR)"]
[Black "Curatola Clemente (PAR)"]
[Result "0-1"]
[WhiteElo "2129"]
[BlackElo "2136"]

1.d4 f5 2.c4 Nf6 3.Nf3 g6 4.Nc3 Bg7 5.g3 O-O 6.Bg2 d6 7.O-O Nc6 8.e3 e5 9.Rb1
e4 10.Nd2 d5 11.cxd5 Nxd5 12.Nxd5 Qxd5 13.b3 b6 14.Ba3 Rd8 15.Re1 Ba6 16.Rc1
Rd7 17.f3 Bd3 18.fxe4 fxe4 19.Rc3 Ne5 20.dxe5 Rad8 21.Qg4 Qxe5 22.Rec1 c5
23.Bh3 Qe7 24.Qe6+ Kh8 25.Bb2 Qf8 26.Ba1 Ba6 27.Nf1 Rd1 28.Qxe4 Bxf1 {#R} 0-1

[Event "It (open) \"]
[Site "masterchessopen.com - Baden (Switzerland)"]
[Round "5"]
[White "Eidinger Helmut (SUI)"]
[Black "Maeder Jean-Claude (SUI)"]
[Result "1-0"]
[WhiteElo "2084"]
[BlackElo "1952"]

1.g3 f5 2.d4 g6 3.Nf3 Bg7 4.Bg2 d6 5.O-O Nf6 6.c4 O-O 7.Nc3 Nc6 8.d5 Ne5
9.Nxe5 dxe5 10.e4 f4 11.Bd2 g5 12.Kh1 a6 13.Qe2 Qe8 14.gxf4 gxf4 15.Bf3 Qg6
16.Rg1 Qh6 17.Na4 b6 18.Bc3 Nd7 19.Rg2 Kh8 20.Rag1 Bf6 21.b3 Rb8 22.Bg4 b5
23.cxb5 axb5 24.Be6 Ba6 25.Qg4 Qg6 26.Qxg6 hxg6 27.Rxg6 Kh7 28.Bxd7 bxa4
29.Bf5 {#r} 1-0

[Event "It (open) \"]
[Site "masterchessopen.com - Buenos Aires (Argentina)"]
[Round "2"]
[White "Szmukler Ruben (ARG)"]
[Black "Glinz Gustavo (ARG)"]
[Result "0-1"]
[WhiteElo "2132"]
[BlackElo "2008"]

1.d4 f5 2.c4 Nf6 3.g3 g6 4.Bg2 Bg7 5.Nc3 O-O 6.Nf3 d6 7.O-O Nc6 8.d5 Ne5 9.Nd2
c5 10.h3 a6 11.f4 Nf7 12.Rb1 Rb8 13.e3 b5 14.b3 Nh5 15.Kh2 Bxc3 {#R} 0-1

[Event "Tournament"]
[Site "masterchessopen.com - Buenos Aires (Argentina)"]
[Round "3"]
[White "Riverol Jose (URU)"]
[Black "Karpiak Yuriy (UKR)"]
[Result "0-1"]
[WhiteElo "2302"]
[BlackElo "2056"]

1.d4 f5 2.g3 Nf6 3.Bg2 g6 4.Nf3 Bg7 5.O-O O-O 6.c4 d6 7.Nc3 Nc6 8.d5 Na5 9.Qd3
c5 10.dxc6 Nxc6 11.e4 Nb4 12.Qe2 fxe4 13.Ng5 Bg4 14.f3 exf3 15.Bxf3 Qd7 16.Be3
h6 17.Nge4 Bxf3 18.Rxf3 Ng4 19.Rxf8+ Rxf8 20.Bxa7 Nc6 21.Bb6 Bd4+ 22.Bxd4 Nxd4
23.Qd3 Ne5 24.Qd1 Qh3 {#R} 0-1

[Event "It (open)"]
[Site "masterchessopen.com - Corte Ingles (Spain)"]
[Round "0"]
[White "Garcia Gonzales Emilio (ESP)"]
[Black "Martin Luis Cesar (ESP)"]
[Result "0-1"]
[WhiteElo "2124"]
[BlackElo "2160"]

1.d4 f5 2.g3 Nf6 3.Bg2 g6 4.Nf3 Bg7 5.O-O O-O 6.c4 d6 7.Nc3 Nc6 8.d5 Ne5
9.Nxe5 dxe5 10.e4 f4 11.Qc2 Nh5 12.Qd3 g5 13.Bd2 g4 14.Rfc1 f3 15.Bf1 Bd7
16.b4 a6 17.a4 Qe8 18.c5 Nf4 19.gxf4 exf4 20.b5 Qh5 21.Bxf4 Rxf4 22.c6 Be5
23.cxd7 Rf7 24.h3 gxh3 25.Kh1 Qg4 26.Ne2 fxe2 27.Bxh3 Qh4 28.Rg1+ Kh8 29.Rae1
Rxf2 30.Rg2 Rxg2 31.Kxg2 Qxe1 {#R} 0-1

[Event "Ch Poland (1/2 final) (w)"]
[Site "masterchessopen.com - Czestochowa (Poland)"]
[Round "1"]
[White "Zielinska Danuta (POL)"]
[Black "Kadziolka Beata (POL)"]
[Result "0-1"]
[WhiteElo "2070"]
[BlackElo "2286"]

1.d4 f5 2.c4 Nf6 3.Nf3 g6 4.g3 Bg7 5.Bg2 d6 6.O-O O-O 7.Nc3 Nc6 8.Re1 e5 9.Rb1
e4 10.Nh4 Ne8 11.d5 Ne5 12.Qa4 g5 13.Nxf5 Bxf5 14.Bxe4 Qf6 15.f3 Qg6 16.Bxf5
Qxf5 17.Be3 a6 18.Rbc1 Nf6 19.c5 Qh3 20.Kh1 Nfg4 21.Bg1 Rf6 22.Qe4 Raf8 23.Rc2
Nh6 24.cxd6 cxd6 25.Nd1 Nf5 {#R} 0-1

[Event "Ch Portugal (qual)"]
[Site "masterchessopen.com - Faro (Portugal)"]
[Round "9"]
[White "Andrade Leonardo (POR)"]
[Black "Pinho Paulo (POR)"]
[Result "0-1"]
[WhiteElo "2235"]
[BlackElo "2150"]

1.d4 f5 2.g3 Nf6 3.Bg2 g6 4.Nf3 Bg7 5.O-O O-O 6.c4 d6 7.Nc3 Nc6 8.d5 Ne5
9.Nxe5 dxe5 10.e4 f4 11.gxf4 exf4 12.Ne2 g5 13.Nd4 Ng4 14.a4 Ne5 15.c5 f3
16.Bxf3 Nxf3+ 17.Nxf3 Bg4 18.Ra3 Qe8 19.Re1 Qh5 20.Ree3 Be5 21.h4 Bf4 22.Qb3
Bxe3 23.d6+ e6 {#R} 0-1

[Event "Ch Finland (team) (Division A)"]
[Site "masterchessopen.com - Finland"]
[Round "0"]
[White "Salo Tapio (FIN)"]
[Black "Lehto Ville (FIN)"]
[Result "1-0"]
[WhiteElo "2320"]
[BlackElo "2315"]

1.Nf3 d6 2.d4 g6 3.c4 Bg7 4.Nc3 f5 5.g3 Nf6 6.Bg2 O-O 7.O-O Nc6 8.d5 Ne5
9.Nxe5 dxe5 10.Qb3 Kh8 11.c5 e4 12.Rd1 b6 13.Be3 Ng4 14.Bf4 bxc5 15.Nb5 Ne5
16.Qc2 a6 17.Na3 Rb8 18.Rab1 c4 19.Nxc4 Nxc4 20.Qxc4 e5 21.dxe6 Rxb2 22.Rxd8
Rxb1+ 23.Bf1 Rxd8 24.e7 Re8 25.Qf7 {#r} 1-0

[Event "Ch Finland (team) 1998/99"]
[Site "masterchessopen.com - Finland"]
[Round "3"]
[White "Tella Jussi (FIN)"]
[Black "Pitkanen Sami-Pekka (FIN)"]
[Result "1-0"]
[WhiteElo "2395"]
[BlackElo "2199"]

1.Nf3 f5 2.d4 Nf6 3.g3 g6 4.Bg2 Bg7 5.O-O O-O 6.c4 d6 7.Nc3 Nc6 8.b3 e5 9.dxe5
dxe5 10.Ba3 Re8 11.Qxd8 Rxd8 12.Rad1 Rxd1 13.Rxd1 e4 14.Ng5 h6 15.Nh3 g5 16.f3
exf3 17.exf3 Be6 18.f4 gxf4 19.Nxf4 Bf7 20.Ncd5 Nxd5 21.Nxd5 Re8 22.Kf1 Bh5
23.Rd2 Be5 24.Bb2 Kf7 25.Bxe5 Nxe5 26.Nxc7 Re7 27.Nd5 Rd7 28.Rf2 b5 {#r} 1-0

[Event "Bayern Oberliga"]
[Site "masterchessopen.com - Germany"]
[Round "8"]
[White "Urankar Hans-Peter (GER)"]
[Black "Schuetz Guenter (GER)"]
[Result "1-0"]
[WhiteElo "2231"]
[BlackElo "2218"]

1.g3 f5 2.d4 Nf6 3.Bg2 g6 4.c4 Bg7 5.Nc3 d6 6.Nf3 O-O 7.O-O Nc6 8.d5 Ne5
9.Nxe5 dxe5 10.e4 f4 11.b4 g5 12.Re1 h5 13.Bb2 h4 14.gxf4 gxf4 15.Bf3 Nh7
16.Kh1 Qd6 17.Rg1 Qf6 18.Nb5 Bd7 19.Nxc7 Rac8 20.d6 Qxd6 21.Qd5+ Qxd5 22.Nxd5
Rf7 23.Bxe5 Rxc4 24.Rad1 Ba4 25.Rd2 h3 26.Nxf4 Ng5 27.Be2 Rxe4 28.Rd8+ Rf8
29.Rxg5 Rxd8 30.Rxg7+ Kf8 31.Ng6+ {#r} 1-0

[Event "Oberliga North 1998/99"]
[Site "masterchessopen.com - Germany"]
[Round "0"]
[White "Levin Felix (GER)"]
[Black "Buhr Carl Christian (GER)"]
[Result "1-0"]
[WhiteElo "2480"]
[BlackElo "2320"]

1.d4 f5 2.g3 Nf6 3.Bg2 g6 4.Nf3 Bg7 5.O-O O-O 6.c4 d6 7.Nc3 Nc6 8.d5 Ne5
9.Nxe5 dxe5 10.c5 Kh8 11.Qb3 Rb8 12.Rd1 a6 13.Bd2 Bd7 14.Qc4 b5 15.Qb4 Be8
16.c6 Bf7 17.e4 Ne8 18.b3 Qd6 19.a3 f4 20.f3 g5 21.Qxd6 Nxd6 22.Bh3 fxg3
23.hxg3 Bh5 24.g4 Rxf3 {#r} 1-0

[Event "Memorial Karl Wagner (open)"]
[Site "masterchessopen.com - Graz (Austria)"]
[Round "4"]
[White "Zoler Dan (ISR)"]
[Black "Wohlfahrt Herbert J (AUT)"]
[Result "1-0"]
[WhiteElo "2500"]
[BlackElo "2265"]

1.d4 f5 2.c4 Nf6 3.g3 g6 4.Bg2 Bg7 5.Nf3 O-O 6.O-O d6 7.Nc3 Nc6 8.d5 Ne5
9.Nxe5 dxe5 10.b4 e4 11.Qb3 Ng4 12.Bd2 a6 13.c5 Rb8 14.Rad1 g5 15.Nb1 Ne5
16.Bc3 e6 17.Qb2 Qf6 18.f4 exf3 19.exf3 exd5 20.Rfe1 Nc4 21.Bxf6 Nxb2 22.Bxg7
Kxg7 23.Rxd5 Kf6 24.Nc3 Be6 25.Rde5 Bf7 26.Bh3 Rfe8 27.Nd5+ Bxd5 28.Rxe8 Rxe8
29.Rxe8 Bxf3 30.Rf8+ Kg6 31.Bxf5+ {#r} 1-0

[Event "Cup Tenkes (open)"]
[Site "masterchessopen.com - Harkany (Hungary)"]
[Round "0"]
[White "Bauer Peter (HUN)"]
[Black "Horvath Julia (HUN)"]
[Result "0-1"]
[WhiteElo "1949"]
[BlackElo "2235"]

1.c4 f5 2.d4 Nf6 3.Nc3 g6 4.g3 Bg7 5.Bg2 d6 6.Nf3 O-O 7.O-O Nc6 8.d5 Ne5
9.Nxe5 dxe5 10.Bg5 h6 11.Be3 g5 12.f4 Ng4 13.Bc5 exf4 14.gxf4 gxf4 15.Rf3 b6
16.Bd4 e5 17.Bf2 Nxf2 18.Rxf2 e4 19.Kh1 Qh4 20.Qf1 Be5 21.h3 Kh8 22.d6 cxd6
23.Nd5 f3 24.exf3 e3 25.Rc2 f4 26.Rd1 Bf5 27.Re2 Rg8 28.b3 Rg3 29.Ne7 Qxe7
{#R} 0-1

[Event "Ch Russia (juniors) (under 18) (g)"]
[Site "masterchessopen.com - Kolontaevo (Russia)"]
[Round "6"]
[White "Andreeva Nataliya (RUS)"]
[Black "Lysova Olga (RUS)"]
[Result "1-0"]
[WhiteElo "2280"]
[BlackElo "2190"]

1.Nf3 f5 2.g3 Nf6 3.Bg2 g6 4.O-O Bg7 5.d4 O-O 6.c4 d6 7.Nc3 Nc6 8.d5 Na5 9.Qd3
e5 10.dxe6 Bxe6 11.b3 Nc6 12.Rb1 a5 13.Qd2 Kh8 14.Bb2 Re8 15.Nd5 Bg8 16.Nf4
Qe7 17.Ng5 a4 18.h4 a3 19.Ba1 Ne4 20.Nxe4 fxe4 21.Nd5 Qd7 22.Nf6 Qe7 23.Nxe8
Rxe8 24.Bxg7+ Qxg7 25.Rbc1 Nd4 26.Rfd1 Nf5 27.e3 Qe5 28.Qc3 Kg7 29.Qxe5+ Rxe5
30.b4 Kf6 31.Rc3 Ke7 32.Bf1 {#r} 1-0

[Event "Ch Poland (juniors) (under 12) (g)"]
[Site "masterchessopen.com - Krynica (Poland)"]
[Round "0"]
[White "Hermanowicz Dominika (POL)"]
[Black "Kadziolka Beata (POL)"]
[Result "0-1"]
[WhiteElo "2088"]
[BlackElo "2286"]

1.Nf3 f5 2.d4 Nf6 3.c4 g6 4.Nc3 Bg7 5.g3 d6 6.Bg2 O-O 7.O-O Nc6 8.Qc2 a6 9.Rd1
Qe8 10.Bg5 e5 11.dxe5 dxe5 12.Bxf6 Bxf6 13.Nd5 Qf7 14.e4 Bg7 15.Ng5 Qe8
16.Nxc7 Qe7 17.Nxa8 Qxg5 18.Nb6 Be6 19.exf5 gxf5 20.Qd2 f4 21.Bxc6 bxc6 22.Kh1
Bg4 23.Re1 Bf3+ 24.Kg1 Qg4 25.Qd7 Qg5 26.Qe6+ Kh8 27.Nd7 fxg3 28.fxg3 Qd2
29.Qh3 e4 30.Nxf8 Bd4+ {#R} 0-1

[Event "It (open)"]
[Site "masterchessopen.com - Lahti (Finland)"]
[Round "2"]
[White "Holmsten Aleksei (FIN)"]
[Black "Pitkanen Sami-Pekka (FIN)"]
[Result "1-0"]
[WhiteElo "2400"]
[BlackElo "2199"]

1.Nf3 f5 2.g3 Nf6 3.Bg2 g6 4.O-O Bg7 5.c4 O-O 6.Nc3 d6 7.d4 Nc6 8.d5 Ne5
9.Nxe5 dxe5 10.b4 e4 11.Qb3 e6 12.Bb2 exd5 13.Nxd5 Nxd5 14.Bxg7 Kxg7 15.cxd5
Qf6 16.Rac1 Rf7 17.f3 exf3 18.Bxf3 f4 19.Bg2 Qd4+ 20.Kh1 Bg4 21.Rxf4 Rxf4
22.gxf4 Qxf4 23.Qc3+ Kh6 24.Rf1 Qd6 25.Rf7 Re8 26.Qg7+ Kg5 27.h4+ {#r} 1-0

[Event "It (open)"]
[Site "masterchessopen.com - Le Touquet (France)"]
[Round "2"]
[White "Barsov Alexei (UZB)"]
[Black "Jossien Arnaud (FRA)"]
[Result "1-0"]
[WhiteElo "2475"]
[BlackElo "2250"]

1.d4 d6 2.Nf3 f5 3.g3 g6 4.Bg2 Nf6 5.O-O Bg7 6.c4 O-O 7.Nc3 Nc6 8.d5 Ne5
9.Nxe5 dxe5 10.Qb3 h6 11.c5 Kh8 12.Rd1 a6 13.Bd2 Qe8 14.Na4 g5 15.Ba5 Bd7
16.Nc3 b6 17.cxb6 cxb6 18.Qxb6 Qh5 19.d6 exd6 20.Rxd6 f4 21.Rxf6 Rxf6 22.Qb7
Raf8 23.Qxd7 fxg3 24.fxg3 R6f7 25.Qd5 Rb8 26.Rb1 {#r} 1-0

[Event "Ch Portugal"]
[Site "masterchessopen.com - Lisbon (Portugal)"]
[Round "3"]
[White "Dias Paulo (POR)"]
[Black "Pinho Paulo (POR)"]
[Result "1-0"]
[WhiteElo "2295"]
[BlackElo "2150"]

1.d4 f5 2.g3 Nf6 3.Bg2 g6 4.c4 Bg7 5.Nc3 O-O 6.Nf3 d6 7.O-O Nc6 8.d5 Ne5
9.Nxe5 dxe5 10.e4 f4 11.gxf4 exf4 12.e5 Ng4 13.e6 Ne5 14.Re1 g5 15.Qh5 Nxc4
16.Qxg5 f3 17.Qg4 Kh8 18.Qxc4 fxg2 19.Re3 c6 20.Rh3 Qe8 21.Qe4 h5 22.Qg4 Rf6
23.Rxh5+ Kg8 24.Rg5 Qf8 25.Ne4 Rh6 26.Rf5 {#r} 1-0

[Event "Ch Portugal (team)"]
[Site "masterchessopen.com - Lisbon (Portugal)"]
[Round "2"]
[White "Pacheco Joao (POR)"]
[Black "Pinho Paulo (POR)"]
[Result "0-1"]
[WhiteElo "2060"]
[BlackElo "2150"]

1.Nf3 d6 2.d4 f5 3.g3 Nf6 4.Bg2 g6 5.c4 Bg7 6.Nc3 O-O 7.O-O Nc6 8.d5 Ne5
9.Nxe5 dxe5 10.e4 f4 11.gxf4 exf4 12.Bxf4 Nxe4 13.Nxe4 Rxf4 14.Qe2 e6 15.Rad1
exd5 16.Rxd5 Qh4 17.Ng5 Bf5 18.Rxf5 Rxf5 19.Qe6+ Kf8 20.f4 Bd4+ 21.Kh1 Rxf4
22.Qd5 Rxf1+ 23.Bxf1 Qf2 24.Ne6+ Ke7 25.Qg5+ Kxe6 26.Bh3+ Kf7 {#R} 0-1

[Event "It (open)"]
[Site "masterchessopen.com - Malme (Sweden)"]
[Round "4"]
[White "Hellsten Johan (SWE)"]
[Black "Johansson Thomas (SWE)"]
[Result "1-0"]
[WhiteElo "2460"]
[BlackElo "2173"]

1.d4 f5 2.Nf3 Nf6 3.g3 g6 4.Bg2 Bg7 5.O-O O-O 6.c4 d6 7.Nc3 Nc6 8.d5 Na5 9.Nd2
c5 10.Qc2 Bd7 11.b3 a6 12.Bb2 b5 13.e3 Rb8 14.Rab1 Qe8 15.Rfe1 bxc4 16.bxc4
Ng4 17.Ne2 Ba4 18.Qc1 Rxb2 19.Rxb2 Ne5 20.Nf4 g5 21.Ne6 Nd3 22.Nxg7 Nxc1
23.Nxe8 Nd3 24.Rb6 Nxe1 25.Nc7 Rc8 26.Ne6 h6 27.Bf1 Ra8 28.Rb1 Nc2 29.Bd3 Na3
30.Rc1 Rb8 31.Rc3 {#r} 1-0

[Event "Ch Milanowek"]
[Site "masterchessopen.com - Milanowek (Poland)"]
[Round "0"]
[White "Ehrenfeucht Wojciech (POL)"]
[Black "Kadziolka Andrzej (POL)"]
[Result "1-0"]
[WhiteElo "2335"]
[BlackElo "2098"]

1.Nf3 f5 2.g3 Nf6 3.Bg2 g6 4.O-O Bg7 5.c4 O-O 6.Nc3 d6 7.d4 Nc6 8.d5 Ne5
9.Nxe5 dxe5 10.Qb3 Nh5 11.Rd1 Kh8 12.Bd2 Rb8 13.c5 f4 14.Be1 a6 15.a4 Bg4
16.Qc4 Qc8 17.f3 Bd7 18.Ne4 fxg3 19.hxg3 Nf6 20.Ng5 h6 21.Ne6 Bxe6 22.dxe6 c6
23.Bh3 Qc7 24.e4 Rbd8 25.Bc3 h5 26.Qe2 Nh7 27.Rxd8 Rxd8 28.Kg2 Bf6 29.Rd1 Ng5
30.Rd7 Rxd7 31.exd7 Nf7 32.Qd2 Nd8 {#r} 1-0

[Event "Cup Russia (open)"]
[Site "masterchessopen.com - Moscow (Russia)"]
[Round "8"]
[White "Lugovoi Aleksei (RUS)"]
[Black "Dubinsky Roman (RUS)"]
[Result "0-1"]
[WhiteElo "2525"]
[BlackElo "2280"]

1.d4 f5 2.g3 Nf6 3.Bg2 g6 4.Nf3 Bg7 5.O-O O-O 6.c4 d6 7.Nc3 Nc6 8.d5 Ne5
9.Nxe5 dxe5 10.Qb3 h6 11.Rd1 Kh8 12.Bd2 g5 13.Rac1 e4 14.Be1 a6 15.Na4 Qe8
16.Nc5 Qf7 17.Nxb7 Qh5 18.Nc5 Qxe2 19.f3 f4 20.fxe4 Ng4 21.gxf4 Rxf4 22.Bb4
Qf2+ 23.Kh1 a5 24.Ba3 Ne3 25.Rg1 Rh4 {#R} 0-1

[Event "Cup Russia (open)"]
[Site "masterchessopen.com - Moscow (Russia)"]
[Round "7"]
[White "Lundin Alexandr (RUS)"]
[Black "Dubinsky Roman (RUS)"]
[Result "0-1"]
[WhiteElo "2285"]
[BlackElo "2280"]

1.d4 f5 2.c4 Nf6 3.g3 g6 4.Bg2 Bg7 5.Nc3 O-O 6.Nf3 d6 7.O-O Nc6 8.d5 Ne5
9.Nxe5 dxe5 10.e4 f4 11.h3 h5 12.Kh2 g5 13.gxf4 gxf4 14.Rg1 Kf7 15.f3 Rg8
16.Bf1 Bh6 17.Rxg8 Qxg8 18.Qe1 h4 19.c5 Qg3+ 20.Qxg3 fxg3+ 21.Kg1 Bxc1 22.Rxc1
Nh5 23.Nb5 c6 24.Nc7 Rb8 25.d6 exd6 26.cxd6 Bd7 27.b4 Nf4 28.b5 g2 29.Bc4+ Kf6
30.Kh2 Bxh3 {#R} 0-1

[Event "Ch Hungary (juniors) (under 20)"]
[Site "masterchessopen.com - Paks (Hungary)"]
[Round "9"]
[White "Kovacs Zsolt (HUN)"]
[Black "Kun Gabor (HUN)"]
[Result "0-1"]
[WhiteElo "2319"]
[BlackElo "2260"]

1.d4 f5 2.Nf3 Nf6 3.g3 g6 4.Bg2 Bg7 5.O-O O-O 6.c4 d6 7.Nc3 Nc6 8.Re1 Ne4
9.Nxe4 fxe4 10.Ng5 Nxd4 11.Nxe4 Bf5 12.Bd2 Qd7 13.Bc3 e5 14.Bxd4 exd4 15.c5
Rae8 16.Nd2 dxc5 17.Qb3+ Be6 18.Qxb7 Rb8 19.Qxa7 Rxb2 20.Ne4 c4 21.Nc5 Qf7
22.Nxe6 Qxe6 23.Qc5 Kh8 24.Bf3 d3 25.Bd5 Qf5 {#R} 0-1

[Event "It (open)"]
[Site "masterchessopen.com - Paris (France)"]
[Round "4"]
[White "Moracchini Fabrice (FRA)"]
[Black "Nguyen Chi-Minh (FRA)"]
[Result "1-0"]
[WhiteElo "2315"]
[BlackElo "2401"]

1.d4 f5 2.g3 Nf6 3.Bg2 g6 4.Nf3 Bg7 5.O-O O-O 6.c4 d6 7.Nc3 Nc6 8.d5 Na5 9.Qd3
e5 10.dxe6 Bxe6 11.b3 Nc6 12.Bb2 Kh8 13.Rad1 Qe7 14.Qb1 Bg8 15.Nd4 Nxd4
16.Rxd4 c6 17.Rd2 h5 18.e4 Bh6 19.f4 Kh7 20.exf5 Qe3+ 21.Rdf2 g5 22.Re1 Qb6
23.Ne4 Ng4 24.c5 dxc5 25.Nxg5+ Bxg5 26.fxg5 Bf7 {#r} 1-0

[Event "Memorial Balazs (open)"]
[Site "masterchessopen.com - Salgotarjan (Hungary)"]
[Round "1"]
[White "Horvath Gyula (HUN)"]
[Black "Domany Mihaly (HUN)"]
[Result "1-0"]
[WhiteElo "2465"]
[BlackElo "2209"]

1.c4 f5 2.Nf3 Nf6 3.g3 g6 4.Bg2 Bg7 5.O-O O-O 6.d4 d6 7.Nc3 Nc6 8.d5 Na5 9.Nd2
c5 10.Qc2 Rb8 11.a3 b6 12.b4 Nb7 13.Bb2 a5 14.Rfb1 axb4 15.axb4 cxb4 16.Na2 e5
17.Nxb4 Bd7 18.Nc6 Bxc6 19.dxc6 Na5 20.Bd5+ Kh8 21.Nb3 f4 22.Nxa5 fxg3 23.Nb7
gxh2+ 24.Kh1 Qe7 25.Bf3 Nh5 26.Bxh5 gxh5 27.f3 Bh6 28.Qe4 Qg7 29.Nxd6 Bf4
30.e3 Rg8 31.Nf7+ {#r} 1-0

[Event "Ch State Sao Paulo"]
[Site "masterchessopen.com - Santos (Brazil)"]
[Round "6"]
[White "Meng Ng Chong (BRA)"]
[Black "Martins Carlos (BRA)"]
[Result "0-1"]
[WhiteElo "2241"]
[BlackElo "2305"]

1.Nf3 f5 2.c4 Nf6 3.Nc3 d6 4.d4 g6 5.g3 Bg7 6.Bg2 O-O 7.O-O Nc6 8.d5 Ne5
9.Nxe5 dxe5 10.Bg5 Nd7 11.Qd2 f4 12.d6 cxd6 13.Bd5+ Kh8 14.gxf4 h6 15.Qd3 exf4
16.Qh3 Kh7 17.Qh4 Nf6 18.Rad1 Qa5 19.b4 Qxb4 20.Ne4 Nxd5 21.Rxd5 Qxc4 22.Bxe7
Qxd5 23.Bxf8 Qxe4 24.Bxg7 Kxg7 25.Rc1 g5 26.Qh5 Qe7 27.Qf3 {#R} 0-1

[Event "Ch Russia (juniors) (under 20)"]
[Site "masterchessopen.com - Sochi (Russia)"]
[Round "7"]
[White "Iljushin Alexei (RUS)"]
[Black "Kobalia Mikhail (RUS)"]
[Result "1-0"]
[WhiteElo "2470"]
[BlackElo "2505"]

1.d4 f5 2.Nf3 Nf6 3.g3 g6 4.Bg2 Bg7 5.O-O O-O 6.c4 d6 7.Nc3 Nc6 8.d5 Ne5
9.Nxe5 dxe5 10.e4 f4 11.f3 Qd6 12.b3 h5 13.a4 g5 14.Ba3 Qd8 15.Rc1 a6 16.Ne2
Qe8 17.Rc2 Nh7 18.Kh1 g4 19.fxg4 Bxg4 20.Qd3 f3 21.Bxf3 Ng5 22.Ng1 Qg6 23.Kg2
Rxf3 24.Rxf3 h4 25.Re3 Bf6 26.h3 Bd7 27.Kh2 Kh8 28.gxh4 Nf7 {#r} 1-0

[Event "Ch Great Britain"]
[Site "masterchessopen.com - Torquay (England)"]
[Round "8"]
[White "Buckley Graeme (ENG)"]
[Black "Osborne Marcus E (ENG)"]
[Result "1-0"]
[WhiteElo "2295"]
[BlackElo "2233"]

1.d4 d6 2.c4 f5 3.g3 Nf6 4.Bg2 g6 5.Nf3 Bg7 6.O-O O-O 7.Nc3 Nc6 8.d5 Ne5
9.Nxe5 dxe5 10.a4 e4 11.a5 e6 12.Qb3 Nd7 13.Rd1 Qf6 14.Nb5 Nc5 15.Qa3 Na6
16.Be3 e5 17.d6 Be6 18.Nxc7 Nxc7 19.dxc7 Bxc4 20.Bc5 Rfc8 21.Be7 Qe6 22.Rd8+
Kf7 23.Rad1 Bb5 24.Bh4 Be8 25.R1d6 Qc4 26.R6d7+ Kg8 27.Qe7 Qc1+ 28.Bf1 {#r}
1-0

[Event "It (open)"]
[Site "masterchessopen.com - Ueckermuende (Germany)"]
[Round "2"]
[White "Riek Jens-Uwe (GER)"]
[Black "Welz Peter Dr (GER)"]
[Result "0-1"]
[WhiteElo "2021"]
[BlackElo "2133"]

1.d4 f5 2.Nf3 Nf6 3.c4 g6 4.g3 Bg7 5.Bg2 O-O 6.Nc3 d6 7.O-O Nc6 8.e3 e5 9.dxe5
dxe5 10.Qe2 e4 11.Nd2 Re8 12.Nb3 Qe7 13.Nd4 Ne5 14.Bd2 c5 15.Nc2 Be6 16.b3
Rad8 17.h3 Nf3+ 18.Bxf3 exf3 19.Qe1 Ne4 20.Nxe4 fxe4 21.Bc3 Bxh3 {#R} 0-1

[Event "It (open)"]
[Site "masterchessopen.com - Villa Ballester (Argentina)"]
[Round "7"]
[White "Recoulat Eduardo J (ARG)"]
[Black "Rivero Federico (ARG)"]
[Result "0-1"]
[WhiteElo "2145"]
[BlackElo "2149"]

1.d4 f5 2.c4 Nf6 3.Nc3 g6 4.Nf3 Bg7 5.g3 O-O 6.Bg2 d6 7.O-O Nc6 8.d5 Na5 9.Nd2
c5 10.Qc2 e5 11.b3 Qe8 12.Bb2 b6 13.a3 Bd7 14.b4 Nb7 15.b5 g5 16.e3 Qh5 17.Qd1
Qh6 18.Qe2 Rae8 19.f3 g4 20.f4 exf4 21.gxf4 g3 22.h3 Ng4 23.Rf3 Nxe3 24.Rxe3
Rxe3 {#R} 0-1

[Event "It (open)"]
[Site "masterchessopen.com - Villa Martelli (Argentina)"]
[Round "2"]
[White "Lallee Cristian (ARG)"]
[Black "Rodriguez Andres (URU)"]
[Result "0-1"]
[WhiteElo "2147"]
[BlackElo "2490"]

1.d4 f5 2.Nf3 Nf6 3.c4 g6 4.Nc3 Bg7 5.g3 O-O 6.Bg2 d6 7.O-O Nc6 8.d5 Na5 9.Nd2
c5 10.Qc2 e5 11.a3 b6 12.b4 Nb7 13.Nb3 Bd7 14.e4 f4 15.f3 cxb4 16.axb4 Qc7
17.Ne2 fxg3 18.hxg3 Rfc8 19.Nd2 b5 20.Bb2 bxc4 21.Bc3 Bh6 22.Kh1 Be3 23.Rfd1
Qd8 24.Nf1 Bb6 25.Bd2 a5 26.bxa5 Nxa5 27.Ne3 Qf8 28.Nf1 Nb3 29.Rxa8 Rxa8
30.Bg5 Rc8 31.Ne3 h6 32.Bxf6 Bxe3 {#R} 0-1

[Event "Tournament (regional)"]
[Site "masterchessopen.com - Wetzlar (Germany)"]
[Round "1"]
[White "Kuehn Thomas (GER)"]
[Black "Doerfler Gerhard (GER)"]
[Result "0-1"]
[WhiteElo "1931"]
[BlackElo "2127"]

1.Nf3 f5 2.c4 Nf6 3.g3 d6 4.d4 g6 5.Bg2 Bg7 6.Nc3 O-O 7.O-O Nc6 8.Re1 Ne4 9.e3
Nxc3 10.bxc3 e5 11.dxe5 dxe5 12.Qd5+ Kh8 13.Ba3 Re8 14.Red1 Qf6 15.Qb5 e4
16.Nd4 a6 17.Qa4 Bd7 18.Qc2 Ne5 19.Qb3 b6 20.c5 b5 21.Bf1 Rab8 22.Bb4 h5 23.a4
bxa4 24.Qa2 h4 25.Bxa6 Qxa6 {#R} 0-1

[Event "It (open)"]
[Site "masterchessopen.com - Wuerzburg (Germany)"]
[Round "2"]
[White "Saenger Ekkehardt (GER)"]
[Black "Schelle Artur (GER)"]
[Result "1-0"]
[WhiteElo "2117"]
[BlackElo "2188"]

1.d4 f5 2.Nf3 Nf6 3.g3 g6 4.Bg2 Bg7 5.O-O O-O 6.c4 d6 7.Nc3 Nc6 8.Rb1 e5 9.d5
Ne7 10.b4 h6 11.Qb3 g5 12.c5 f4 13.Ba3 Nf5 14.cxd6 cxd6 15.b5 e4 16.Nd2 e3
17.fxe3 Nxe3 18.gxf4 Nfg4 19.Nce4 Bd4 20.Kh1 Nxf1 21.Rxf1 Rxf4 22.Rxf4 gxf4
23.Bxd6 Be3 24.Ba3 Bf5 25.d6+ Kh7 26.Qf7+ {#r} 1-0